000 00406nam a2200181Ia 4500
001 1698
005 20260306143747.0
008 260306t1957||||xx |||||||||||||| ||spa||
041 _aESP
082 _a155.2
_bA43
100 _aAllers, Rudolf
_eAUT
245 0 _aNaturaleza y educación del carácter
260 _c1957
300 _a
_c
650 _aGEN
654 _aCPS
942 _cLIB
_dJUS
_fJUS
_2ddc
_n
999 _c1698
_d1698